[Event "New York Open"]
[Site "Newark, NJ USA"]
[Date "1995.??.??"]
[Round "?"]
[White "Shaked, Tal"]
[Black "Chipkin, Leonard"]
[Result "1-0"]
[WhiteElo "2385"]
[BlackElo "2230"]
[PlyCount "77"]
[EventDate "1995.04.12"]
[Source "www.chesslib.no"]
[SourceDate "2004.05.04"]

1. e4 e6 2. d4 d5 3. Nc3 Nf6 4. Bg5 Be7 5. e5 Ne4 6. Nxe4 Bxg5 7. Nxg5 Qxg5 8. Nf3 Qe7 9. c3 c5 10. a3 Nc6 11. Bd3 Bd7 12. O-O cxd4 13. cxd4 O-O 14. Qd2 a6 15. Rfe1 Na7 16. Ng5 g6 17. Qf4 Kg7 18. Re3 h6 19. Nh7 Rh8 20. Nf6 Bb5 21. Rd1 Bxd3 22. Rdxd3 Rac8 23. h4 h5 24. Kh2 Nb5 25. Qg5 Qd8 26. Rg3 Nd6 27. Nxh5+ Rxh5 28. Qxh5 Ne4 29. Qf3 Qxh4+ 30. Rh3 Qxf2 31. Qxf2 Nxf2 32. Rc3 Rxc3 33. Rxc3 Nd1 34. Rb3 b5 35. Kg3 f5 36. exf6+ Kxf6 37. Kf3 e5 38. dxe5+ Kxe5 39. Ke2 1-0

[Event "Landesliga Sued9798"]
[Site "Bayern"]
[Date "1997.??.??"]
[Round "?"]
[White "Schmidt, Wolfgang"]
[Black "Zach, Andreas"]
[Result "1/2-1/2"]
[WhiteElo "2355"]
[BlackElo "2250"]
[PlyCount "41"]
[EventDate "1997.10.??"]
[Source "www.chesslib.no"]
[SourceDate "2004.05.04"]

1. e4 e6 2. d4 d5 3. Nc3 Nf6 4. Bg5 Be7 5. e5 Ne4 6. Bxe7 Qxe7 7. Nxe4 dxe4 8. Qe2 Bd7 9. O-O-O c5 10. Qxe4 Bc6 11. Qe3 cxd4 12. Rxd4 Nd7 13. Nf3 Rc8 14. Bd3 Nc5 15. Kb1 O-O 16. Rd1 f5 17. exf6 Qxf6 18. Be2 Qf5 19. Rc4 Bd5 20. g4 Qf7 21. Rxc5 1/2-1/2

[Event "Gausdal Int"]
[Site "Gausdal"]
[Date "1995.??.??"]
[Round "6"]
[White "Thorhallsson, Throstur"]
[Black "Leer Salvesen, Bjarte"]
[Result "1/2-1/2"]
[WhiteElo "2420"]
[BlackElo "2170"]
[PlyCount "141"]
[EventDate "1995.08.??"]
[Source "ChessBase"]

1. e4 e6 2. d4 d5 3. Nc3 Nf6 4. Bg5 Be7 5. e5 Ne4 6. Bxe7 Nxc3 7. Qd3 Qxe7 8. Qxc3 O-O 9. Nf3 b6 10. Qd2 c5 11. c3 cxd4 12. Nxd4 f6 13. exf6 Qxf6 14. Nf3 Bb7 15. Bb5 Na6 16. O-O Nc5 17. Rfe1 a6 18. Bd3 Rae8 19. Bc2 e5 20. Qg5 Ne4 21. Qxf6 gxf6 22. Bxe4 dxe4 23. Nd2 f5 24. Nc4 Rf6 25. Rad1 b5 26. Nd6 Re7 27. Nxb7 Rxb7 28. Rd5 Re7 29. Kf1 h5 30. Red1 Kf7 31. Rc5 Kg6 32. Rdd5 Rfe6 33. Ke2 f4 34. g3 Kf5 35. Rd8 Re8 36. Rxe8 f3+ 37. Ke3 Rxe8 38. Rd5 Rc8 39. a3 a5 40. h3 b4 41. g4+ hxg4 42. hxg4+ Kxg4 43. axb4 axb4 44. Kxe4 bxc3 45. bxc3 Rxc3 46. Rd8 Rc4+ 47. Kxe5 Rc2 48. Rg8+ Kh5 49. Kf5 Kh6 50. Rh8+ Kg7 51. Rh2 Rc4 52. Rh3 Rc3 53. Kf4 Kg6 54. Rh8 Kg7 55. Re8 Kf7 56. Re3 Rxe3 57. Kxe3 Kf6 58. Kf4 Ke6 59. Kxf3 Kf5 60. Ke3 Ke5 61. f4+ Kf5 62. Kf3 Kf6 63. Ke4 Ke6 64. f5+ Kf6 65. Kf4 Kf7 66. Kg5 Kg7 67. f6+ Kf7 68. Kf5 Kf8 69. Kg6 Kg8 70. f7+ Kf8 71. Kf6 1/2-1/2

[Event "Tenkes Kupa"]
[Site "Harkany"]
[Date "1993.??.??"]
[Round "1"]
[White "Landenbergue, Claude"]
[Black "Zdjelar, Dusan"]
[Result "1-0"]
[WhiteElo "2405"]
[BlackElo "2185"]
[PlyCount "82"]
[EventDate "1993.11.??"]
[Source "www.chesslib.no"]
[SourceDate "2004.05.04"]

1. e4 e6 2. d4 d5 3. Nc3 Nf6 4. Bg5 Be7 5. e5 Ne4 6. Nxe4 Bxg5 7. Nxg5 Qxg5 8. Nf3 Qf4 9. g3 Qh6 10. Bd3 b6 11. Qe2 c5 12. c3 Bd7 13. O-O Nc6 14. a3 Qh5 15. Qe3 h6 16. b4 c4 17. Bc2 Ne7 18. Kg2 g5 19. h4 gxh4 20. Nxh4 Qg4 21. Rh1 O-O-O 22. Rad1 Rdf8 23. Nf3 Qg7 24. Rh4 f5 25. exf6 Rxf6 26. Rf4 Rhf8 27. Rxf6 Qxf6 28. Ne5 h5 29. Rh1 Be8 30. Kg1 Rg8 31. Kf1 Rg5 32. Qf3 Qg7 33. Qf4 Nf5 34. Ke1 Nh6 35. Nf3 Rg4 36. Qe5 Qxe5+ 37. Nxe5 Rg7 38. Bd1 Rg5 39. g4 Nxg4 40. Bxg4 hxg4 41. Rh8 Rxe5+ 1-0

[Event "AUT Ch"]
[Site "Austria"]
[Date "1981.??.??"]
[Round "15"]
[White "Wittmann, Walter"]
[Black "Swoboda, Ernst"]
[Result "1/2-1/2"]
[WhiteElo "2380"]
[BlackElo "2200"]
[PlyCount "56"]
[EventDate "1981.??.??"]
[Source "www.chesslib.no"]
[SourceDate "2004.05.04"]

1. e4 e6 2. d4 d5 3. Nc3 Nf6 4. Bg5 Be7 5. e5 Ne4 6. Bxe7 Qxe7 7. Nxe4 dxe4 8. Qd2 b6 9. Bb5+ c6 10. Be2 Bb7 11. O-O-O O-O 12. f3 c5 13. fxe4 cxd4 14. Nf3 Nc6 15. Kb1 Rac8 16. a3 Qc7 17. Rhe1 Nxe5 18. Nxd4 Bxe4 19. Ba6 Bb7 20. Nb5 Nc4 21. Qb4 Qb8 22. Bxb7 Qxb7 23. Rd4 a5 24. Qb3 Qc6 25. Na7 Qc5 26. Red1 Rc7 27. Nb5 Rcc8 28. Na7 Rc7 1/2-1/2

[Event "Skovde op-A"]
[Site "Skovde"]
[Date "1992.??.??"]
[Round "3"]
[White "Solbrand, Stefan"]
[Black "Arnason, Throstur"]
[Result "1/2-1/2"]
[WhiteElo "2285"]
[BlackElo "2295"]
[PlyCount "108"]
[EventDate "1992.??.??"]
[Source "www.chesslib.no"]
[SourceDate "2004.05.04"]

1. e4 e6 2. d4 d5 3. Nc3 Nf6 4. Bg5 Be7 5. e5 Ne4 6. Nxe4 dxe4 7. Be3 c5 8. Bb5+ Nd7 9. c3 a6 10. Bxd7+ Bxd7 11. Ne2 Qc7 12. O-O f5 13. exf6 gxf6 14. dxc5 O-O-O 15. Qb3 Bxc5 16. Qc4 Bxe3 17. Qxc7+ Kxc7 18. fxe3 f5 19. Rad1 Bb5 20. c4 Be8 21. Rxd8 Kxd8 22. Nd4 Ke7 23. b4 Ba4 24. Kf2 Rc8 25. c5 Rd8 26. g3 h5 27. Ke1 Be8 28. Rf2 Ba4 29. Rd2 h4 30. Rg2 Kf6 31. Rd2 hxg3 32. hxg3 Rh8 33. Ne2 Rh1+ 34. Kf2 Rb1 35. a3 Ra1 36. Nf4 Rxa3 37. Rd6 Ra2+ 38. Ke1 Kg5 39. Nxe6+ Kg4 40. Nd4 Ra1+ 41. Kd2 Kxg3 42. Nxf5+ Kf2 43. Kc3 Rb1 44. Rb6 Rb3+ 45. Kd4 Bc6 46. Ne7 Bb5 47. Rf6+ Ke2 48. Nd5 Bc6 49. Nc3+ Kd2 50. Nxe4+ Bxe4 51. Kxe4 Rxb4+ 52. Kf3 a5 53. c6 b5 54. Rd6+ Kc2 1/2-1/2

[Event "Paris Ch"]
[Site "Paris FRA"]
[Date "1990.??.??"]
[Round "?"]
[White "Boudre, Jean-Pierre"]
[Black "Metral, Jean Paul"]
[Result "0-1"]
[WhiteElo "2355"]
[BlackElo "2220"]
[PlyCount "81"]
[EventDate "1990.05.??"]
[Source "www.chesslib.no"]
[SourceDate "2004.05.04"]

1. e4 e6 2. d4 d5 3. Nc3 Nf6 4. Bg5 Be7 5. e5 Ne4 6. Bxe7 Qxe7 7. Nxe4 dxe4 8. c3 c5 9. Qg4 O-O 10. Qxe4 cxd4 11. Qxd4 Rd8 12. Qe3 b5 13. Nf3 b4 14. c4 Nd7 15. Be2 Bb7 16. O-O f6 17. Rfd1 Nc5 18. exf6 gxf6 19. Rxd8+ Rxd8 20. Rd1 Rxd1+ 21. Bxd1 Be4 22. Nd2 Qd6 23. Be2 Bc2 24. f4 a5 25. Nb3 Bxb3 26. axb3 Kf8 27. g4 Kg7 28. h4 e5 29. f5 Qd4 30. Qxd4 exd4 31. Bd1 Nd3 32. Kf1 Kf7 33. Ke2 Ne5 34. g5 Kg7 35. Bc2 Kf7 36. c5 Kg7 37. Be4 Nf7 38. c6 Nd6 39. Bd3 Ne8 40. Kf3 fxg5 41. hxg5 0-1

[Event "Rio de Janeiro Rosa e Silva-mem"]
[Site "Rio de Janeiro, CXG"]
[Date "1999.07.15"]
[Round "1.7"]
[White "Andrade, Luciano"]
[Black "Lima, Darcy"]
[Result "0-1"]
[WhiteElo "2077"]
[BlackElo "2488"]
[PlyCount "92"]
[EventDate "1999.09.25"]
[Source "www.chesslib.no"]
[SourceDate "2004.05.04"]

1. e4 e6 2. d4 d5 3. Nc3 Nf6 4. Bg5 Be7 5. e5 Ne4 6. Bxe7 Qxe7 7. Bd3 Nxc3 8. bxc3 c5 9. Qh5 cxd4 10. Nf3 dxc3 11. Ng5 g6 12. Qh6 Qf8 13. Qh4 h6 14. Nf3 Qe7 15. Qa4+ Nc6 16. Rb1 Kf8 17. O-O Kg7 18. Rb3 Rd8 19. Rxc3 Bd7 20. Rb1 Be8 21. Rcb3 b6 22. Qg4 Rac8 23. h4 f5 24. Qg3 Rc7 25. Re1 Bf7 26. Qf4 Rg8 27. g3 Be8 28. Kg2 Bd7 29. Rh1 Rcc8 30. Rbb1 Rh8 31. Rh3 Rcg8 32. Rbh1 Kf8 33. Kf1 Qb4 34. Qe3 Qb1+ 35. Kg2 Qxa2 36. Rd1 Kg7 37. c4 d4 38. Nxd4 Nxd4 39. Qxd4 Bc6+ 40. Kh2 Rd8 41. Qe3 Rd7 42. g4 fxg4 43. Rg3 Rf8 44. Rf1 Rxd3 45. Qxd3 Rxf2+ 46. Kg1 Rg2+ 0-1

[Event "Mar del Plata Open"]
[Site "Mar del Plata ARG"]
[Date "1992.??.??"]
[Round "6"]
[White "Matsuura, Everaldo"]
[Black "Goldschmidt, Bernardo"]
[Result "1-0"]
[WhiteElo "2350"]
[BlackElo "2210"]
[PlyCount "57"]
[EventDate "1992.??.??"]
[Source "www.chesslib.no"]
[SourceDate "2004.05.04"]

1. e4 e6 2. d4 d5 3. Nc3 Nf6 4. Bg5 Be7 5. e5 Ne4 6. Bxe7 Qxe7 7. Bd3 Nxc3 8. bxc3 c5 9. Qg4 O-O 10. Nf3 c4 11. Bxh7+ Kxh7 12. Qh5+ Kg8 13. Ng5 Qxg5 14. Qxg5 f6 15. exf6 Rxf6 16. h4 Nc6 17. h5 Rf5 18. Qg6 Rf6 19. Qg3 Bd7 20. h6 g6 21. Qc7 Rf7 22. h7+ Kh8 23. O-O-O b5 24. Rh6 Be8 25. Qd6 Rf6 26. Re1 Rd8 27. Qc7 Rf7 28. Qg3 Rf6 29. Qh4 1-0

[Event "It (Open) Budapest HUN"]
[Site "?"]
[Date "2006.03.30"]
[Round "8.3"]
[White "Karim Ismael"]
[Black "Hess Christian"]
[Result "1/2-1/2"]
[WhiteElo "2234"]
[BlackElo "2320"]
[PlyCount "39"]
[EventDate "2006.??.??"]
[Source "www.chesslib.no"]
[SourceDate "2004.05.04"]

1. e4 e6 2. d4 d5 3. Nc3 Nf6 4. Bg5 Be7 5. e5 Ne4 6. Nxe4 dxe4 7. Be3 c5 8. dxc5 Nd7 9. Qg4 Qa5+ 10. c3 Bxc5 11. Qxg7 Rf8 12. Bxc5 Qxc5 13. Qg3 Nxe5 14. O-O-O Bd7 15. Rd4 f5 16. Qe3 Qa5 17. Kb1 O-O-O 18. Nh3 Bc6 19. Be2 Bd5 20. c4 1/2-1/2

[Event "VEN-ch"]
[Site "VEN"]
[Date "1999.??.??"]
[Round "9"]
[White "Sequera, Jose"]
[Black "Prasca Sosa, Raphael"]
[Result "1/2-1/2"]
[WhiteElo "2340"]
[BlackElo "2213"]
[PlyCount "183"]
[EventDate "1999.??.??"]
[Source "www.chesslib.no"]
[SourceDate "2004.05.04"]

1. e4 e6 2. d4 d5 3. Nc3 Nf6 4. Bg5 Be7 5. e5 Ne4 6. Bxe7 Nxc3 7. Bxd8 Nxd1 8. Rxd1 Kxd8 9. Rd3 c5 10. Rg3 g6 11. Nf3 Ke7 12. h4 h5 13. dxc5 Nd7 14. b4 a5 15. a3 axb4 16. axb4 Ra4 17. c3 Ra2 18. Rg1 Rf8 19. Rg5 f6 20. exf6+ Rxf6 21. Nd2 Ra1+ 22. Ke2 b6 23. c6 Ba6+ 24. c4 dxc4 25. b5 Nc5 26. Rxc5 bxc5 27. bxa6 c3 28. Nb3 Rb1 29. a7 Rf8 30. Ke3 Rxb3 31. Bc4 Ra3 32. Rc1 Rxa7 33. Rxc3 Kd6 34. Bd3 Rg8 35. Be4 g5 36. Rd3+ Kc7 37. hxg5 Rxg5 38. Kf4 Rg4+ 39. Ke5 c4 40. Rd7+ Kb6 41. Rxa7 Kxa7 42. c7 Rg8 43. Kxe6 Kb6 44. Kd5 Kxc7 45. Kxc4 Kd6 46. Kd4 Rb8 47. Bg6 Rb4+ 48. Ke3 h4 49. Be4 Ke5 50. f4+ Kf6 51. Kf3 Rd4 52. Bh7 Rd7 53. Be4 Rg7 54. Kf2 Ke6 55. Kf3 Rg3+ 56. Kf2 Kd6 57. Bf3 Rg7 58. Be4 Kc5 59. Ke3 Ra7 60. f5 Kd6 61. Kf4 Ra4 62. f6 Ke6 63. f7 Kxf7 64. Kf5 Ra5+ 65. Kg4 Kf6 66. Bf3 Ra4+ 67. Kh3 Rf4 68. Bc6 Rc4 69. Bf3 Kf5 70. Bd5 Rd4 71. Bc6 Kg5 72. Bb7 Rb4 73. Bc6 Rb3+ 74. Kh2 Kf4 75. Bd5 Rg3 76. Bc6 Ke3 77. Bd5 Kf4 78. Bc6 Rc3 79. Bd5 Rc1 80. Bb7 h3 81. gxh3 Rc2+ 82. Kg1 Kg3 83. Kf1 Kxh3 84. Ke1 Kg3 85. Kd1 Rb2 86. Bd5 Kf4 87. Kc1 Rh2 88. Bb3 Ke3 89. Bc2 Kd4 90. Kb2 Kc4 91. Kb1 Kc3 92. Bg6 1/2-1/2

[Event "YUG-ch sf"]
[Site "?"]
[Date "1996.??.??"]
[Round "5"]
[White "Jovanovic Sasa M"]
[Black "Radivojevic Milojko"]
[Result "1/2-1/2"]
[WhiteElo "2330"]
[BlackElo "2220"]
[PlyCount "71"]
[EventDate "1996.??.??"]
[Source "www.chesslib.no"]
[SourceDate "2004.05.04"]

1. e4 e6 2. d4 d5 3. Nc3 Nf6 4. Bg5 Be7 5. e5 Ne4 6. Nxe4 Bxg5 7. Nxg5 Qxg5 8. Nf3 Qe7 9. c3 c5 10. Bd3 Bd7 11. O-O Nc6 12. dxc5 Qxc5 13. Qd2 Qe7 14. Qe3 h6 15. h4 O-O 16. Rae1 f6 17. g3 Be8 18. exf6 Rxf6 19. Ne5 Bh5 20. f4 Raf8 21. Kg2 Nxe5 22. Qxe5 Qf7 23. Qd4 Bg6 24. Re5 b6 25. Rfe1 Kh8 26. c4 dxc4 27. Qxc4 Bf5 28. Bxf5 exf5 29. Qxf7 R6xf7 30. h5 Kh7 31. Re7 g5 32. hxg6+ Kxg6 33. R1e6+ Kg7 34. Kh3 Rxe7 35. Rxe7+ Rf7 36. Re6 1/2-1/2

[Event "Santiago Open"]
[Site "Santiago CHI"]
[Date "1995.??.??"]
[Round "?"]
[White "Gonzalez Diaz, Diego"]
[Black "Bujisho, Benjamin"]
[Result "1-0"]
[WhiteElo "2250"]
[BlackElo "2295"]
[PlyCount "123"]
[EventDate "1995.??.??"]
[Source "www.chesslib.no"]
[SourceDate "2004.05.04"]

1. e4 e6 2. d4 d5 3. Nc3 Nf6 4. Bg5 Be7 5. e5 Ne4 6. Bxe7 Qxe7 7. Bd3 Nxc3 8. bxc3 c5 9. f4 Nc6 10. Nf3 Bd7 11. a3 c4 12. Bf1 f5 13. exf6 gxf6 14. Qe2 O-O-O 15. g3 Rhe8 16. Bg2 Qd6 17. O-O Re7 18. Qf2 Kb8 19. Rfe1 Rde8 20. Bh3 Bc8 21. Nh4 Ka8 22. Qd2 Bd7 23. Bg2 Nd8 24. Bf3 Rg7 25. Kh1 Reg8 26. Re3 Nf7 27. Qg2 f5 28. Qe2 Nh6 29. a4 Ng4 30. Bxg4 Rxg4 31. Nf3 R4g7 32. a5 h6 33. Re1 Qa3 34. Nh4 Qxa5 35. Qh5 b5 36. Qxh6 Qd8 37. Nf3 Rg6 38. Qh3 Rh8 39. Qg2 Rgh6 40. h4 Kb7 41. Ng5 Qf6 42. Nxe6 Bxe6 43. Rxe6 Qd8 44. Rxh6 Rxh6 45. Re5 Kc6 46. Qe2 Rd6 47. Re8 Qf6 48. Rc8+ Kb6 49. Qe8 Qe6 50. Rb8+ Kc7 51. Qxe6 Rxe6 52. Rxb5 Kc6 53. Rc5+ Kd6 54. Ra5 Re3 55. Ra6+ Kc7 56. Kh2 Kb7 57. Ra3 Re2+ 58. Kh3 Rxc2 59. h5 Rc1 60. Kh4 Rb1 61. h6 Rb3 62. Ra1 1-0

[Event "Buenos Aires PRO Open"]
[Site "Buenos Aires ARG"]
[Date "1993.??.??"]
[Round "3"]
[White "Giaccio, Alfredo Gustavo"]
[Black "Goldschmidt, Bernardo"]
[Result "1-0"]
[WhiteElo "2350"]
[BlackElo "2185"]
[PlyCount "80"]
[EventDate "1993.??.??"]
[Source "www.chesslib.no"]
[SourceDate "2004.05.04"]

1. e4 e6 2. d4 d5 3. Nc3 Nf6 4. Bg5 Be7 5. e5 Ne4 6. Bxe7 Qxe7 7. Nxe4 dxe4 8. c3 O-O 9. Ne2 c5 10. Ng3 Nc6 11. Bb5 Bd7 12. Bxc6 Bxc6 13. O-O Rfd8 14. Qg4 cxd4 15. Nh5 Qf8 16. cxd4 Rxd4 17. Rad1 Rad8 18. Rxd4 Rxd4 19. Re1 Kh8 20. h4 Rd3 21. Nf4 Rd2 22. Re3 Qc5 23. Qh5 Kg8 24. Nh3 f6 25. Rg3 Qxe5 26. Qg4 f5 27. Qg5 Rd1+ 28. Kh2 Qc7 29. Nf4 Rd6 30. Nh5 Rd3 31. f3 exf3 32. Nxg7 Qd8 33. Qh6 Kh8 34. Nxf5 Rd7 35. Qxe6 Qf8 36. Qe5+ Rg7 37. Rxg7 Qxf5 38. Qxf5 Kxg7 39. Qg5+ Kf7 40. gxf3 Ke6 1-0

[Event "Bad Wiessee (28.10.-04.11)"]
[Site "?"]
[Date "2000.10.29"]
[Round "2"]
[White "Sarakauskas Gediminas"]
[Black "Schweiger Georg"]
[Result "1/2-1/2"]
[WhiteElo "2381"]
[BlackElo "2149"]
[PlyCount "48"]
[EventDate "2000.??.??"]
[Source "www.chesslib.no"]
[SourceDate "2004.05.04"]

1. e4 e6 2. d4 d5 3. Nc3 Nf6 4. Bg5 Be7 5. e5 Ne4 6. Bxe7 Qxe7 7. Nxe4 dxe4 8. c3 c5 9. Bb5+ Bd7 10. Bxd7+ Nxd7 11. Ne2 cxd4 12. cxd4 f5 13. exf6 gxf6 14. O-O Nb6 15. Ng3 f5 16. f3 e3 17. Qb3 f4 18. Ne2 Nd5 19. g3 Rg8 20. Kh1 fxg3 21. Nxg3 O-O-O 22. f4 Qh4 23. Rf3 Rg6 24. f5 Rf6 1/2-1/2

[Event "ESP-ch"]
[Site "Linares"]
[Date "1998.08.19"]
[Round "8"]
[White "Hernandez Estevez, Yudania"]
[Black "Olaizola Ortega, Luis"]
[Result "0-1"]
[WhiteElo "2275"]
[BlackElo "2240"]
[PlyCount "104"]
[EventDate "1998.08.??"]
[Source "www.chesslib.no"]
[SourceDate "2004.05.04"]

1. e4 e6 2. d4 d5 3. Nc3 Nf6 4. Bg5 Be7 5. e5 Ne4 6. Bxe7 Nxc3 7. Bxd8 Nxd1 8. Bxc7 Nxb2 9. Rb1 Nc4 10. Bxc4 dxc4 11. Nf3 Nc6 12. Bd6 b6 13. Kd2 Bb7 14. Kc3 Rc8 15. Nd2 Ne7 16. Bxe7 Kxe7 17. f3 f5 18. a4 Bd5 19. Rb4 g5 20. a5 g4 21. Ra1 gxf3 22. gxf3 b5 23. Rxb5 Rhg8 24. Rbb1 Rg2 25. Rg1 Rcg8 26. Rxg2 Rxg2 27. Rb1 Rxh2 28. Rg1 Kf7 29. a6 Re2 30. Rb1 Re3+ 31. Kb4 c3 32. Nc4 Rxf3 33. Nd6+ Kf8 34. Nc8 Rf2 35. Kxc3 Be4 36. Rc1 h5 37. Nxa7 h4 38. Kb4 h3 39. Nb5 h2 40. a7 Rxc2 41. Rxc2 h1=Q 42. Rc8+ Kg7 43. Nc7 Qb1+ 44. Kc5 Qc1+ 45. Kd6 Qa3+ 46. Kxe6 Qxa7 47. d5 Qb7 48. Ne8+ Kg6 49. Rd8 Qf7+ 50. Kd6 Qxd5+ 51. Ke7 Qxe5+ 52. Kf8 f4 0-1

[Event "Dresden Open"]
[Site "Dresden GER"]
[Date "1993.??.??"]
[Round "?"]
[White "Wegener, Dirk"]
[Black "Claussen, Uwe"]
[Result "1-0"]
[WhiteElo "2305"]
[BlackElo "2195"]
[PlyCount "81"]
[EventDate "1993.07.??"]
[Source "www.chesslib.no"]
[SourceDate "2004.05.04"]

1. e4 e6 2. d4 d5 3. Nc3 Nf6 4. Bg5 Be7 5. e5 Ne4 6. Bxe7 Qxe7 7. Bd3 Nxc3 8. bxc3 b6 9. Ne2 c5 10. Nf4 g6 11. c4 cxd4 12. cxd5 exd5 13. O-O Qc5 14. Qf3 Bb7 15. Qh3 O-O 16. Qh6 f5 17. Nxg6 hxg6 18. Qxg6+ Kh8 19. Bxf5 Rxf5 20. Qxf5 Nc6 21. Rab1 Ba6 22. Rb3 d3 23. cxd3 Nd4 24. Qf6+ Kg8 25. Qg6+ Kh8 26. Rbb1 Rf8 27. Qh5+ Kg7 28. Rbc1 Nc2 29. Qd1 Rc8 30. Qg4+ Kh8 31. Qh5+ Kg7 32. Qg5+ Kh8 33. Qh6+ Kg8 34. Qg5+ Kh8 35. Qh6+ Kg8 36. Qg6+ Kh8 37. e6 Qe7 38. f4 Qg7 39. Qh5+ Kg8 40. Rf3 Qf6 41. e7 1-0

[Event "FRA-chT2 0203"]
[Site "?"]
[Date "2003.03.15"]
[Round "8.5"]
[White "Houhou Olivier"]
[Black "Metral Jean Paul"]
[Result "1-0"]
[WhiteElo "2257"]
[BlackElo "2234"]
[PlyCount "87"]
[EventDate "2003.??.??"]
[Source "www.chesslib.no"]
[SourceDate "2004.05.04"]

1. e4 e6 2. d4 d5 3. Nc3 Nf6 4. Bg5 Be7 5. e5 Ne4 6. Nxe4 dxe4 7. Bxe7 Qxe7 8. Qe2 b6 9. O-O-O Bb7 10. g3 Nd7 11. Bg2 f5 12. exf6 Nxf6 13. f3 exf3 14. Bxf3 O-O-O 15. Bxb7+ Kxb7 16. Nf3 Rd6 17. Rhe1 Rhd8 18. c3 Kb8 19. Ne5 Qe8 20. Rf1 Rd5 21. g4 Ra5 22. g5 Nd5 23. c4 Nb4 24. a3 Nc6 25. Qe4 Rd6 26. Nf7 Nd8 27. Nxd6 cxd6 28. h4 Ra4 29. Qxh7 Rxc4+ 30. Kb1 Rc7 31. Rc1 Re7 32. Qc2 Nb7 33. Rf3 a6 34. Rc3 Ka7 35. Rc7 Rxc7 36. Qxc7 Qg6+ 37. Ka1 Qe4 38. Qxg7 Qxh4 39. g6 b5 40. Qf7 b4 41. axb4 Qxd4 42. g7 Qxb4 43. Qf2+ Nc5 44. g8=Q 1-0

[Event "Belgrade women"]
[Site "Belgrade SCG"]
[Date "1990.??.??"]
[Round "3"]
[White "Nikolin, Zorica"]
[Black "Maric, Mirjana"]
[Result "1/2-1/2"]
[WhiteElo "2220"]
[BlackElo "2265"]
[PlyCount "122"]
[EventDate "1990.??.??"]
[Source "www.chesslib.no"]
[SourceDate "2004.05.04"]

1. e4 e6 2. d4 d5 3. Nc3 Nf6 4. Bg5 Be7 5. e5 Ne4 6. Bxe7 Nxc3 7. Bxd8 Nxd1 8. Rxd1 Kxd8 9. c4 dxc4 10. Bxc4 Nd7 11. Ne2 Nb6 12. Bb3 Bd7 13. Nc3 a5 14. a4 Bc6 15. d5 Bxd5 16. Bxd5 Nxd5 17. Nxd5 exd5 18. Rxd5+ Ke7 19. Ke2 c6 20. Rd3 Rhd8 21. Rhd1 Rxd3 22. Rxd3 Rb8 23. Rc3 b5 24. Rxc6 bxa4 25. Rc5 Rxb2+ 26. Ke3 a3 27. Rxa5 a2 28. h4 h5 29. Ra6 Kd7 30. g3 Kc7 31. f3 Kb7 32. Ra3 Kc6 33. Kf4 Kb5 34. Kg5 Kb4 35. Ra7 Rg2 36. Kxh5 Kb3 37. g4 Rg1 38. f4 a1=Q 39. Rxa1 Rxa1 40. g5 Kc4 41. g6 Ra7 42. f5 Kd5 43. gxf7 Rxf7 44. Kg6 Ra7 45. e6 Kd6 46. h5 Ke5 47. Kg5 Ra1 48. Kg6 Ra7 49. Kg5 Kd6 50. Kg6 Rb7 51. Kg5 Ke7 52. Kg6 Kf8 53. f6 gxf6 54. Kxf6 Rh7 55. Kg6 Rg7+ 56. Kf6 Rh7 57. Kg6 Ra7 58. h6 Kg8 59. Kf6 Rh7 60. Kg6 Re7 61. Kf6 Kf8 1/2-1/2